[Event "Kleve op"]
[Site "Kleve"]
[Date "2002.05.11"]
[Round "6"]
[White "Knaup, Jens"]
[Black "Liebeskind, Rolf Dieter"]
[Result "0-1"]
[WhiteElo "1198"]
[BlackElo "1407"]
[PlyCount "122"]
[EventDate "2002.05.09"]
[EventType "swiss"]
[EventRounds "7"]
[EventCountry "GER"]
[SourceTitle "EXT 2008"]
[Source "ChessBase"]
[SourceDate "2007.11.25"]
[SourceVersion "1"]
[SourceVersionDate "2007.11.25"]
[SourceQuality "1"]

1. e4 c5 2. Nf3 d6 3. Bc4 Nf6 4. Ng5 e6 5. d3 Be7 6. 0-0 0-0 7. Nc3 Nc6 8. Be3 a6 9. d4 cxd4 10. Bxd4 b5 11. Bb3 Bb7 12. a3 Rc8 13. Na2 Qa5 14. Qd3 b4 15. Nxb4 Nxb4 16. axb4 Qxg5 17. Qh3 Nxe4 18. c3 Nd2 19. Bc2 g6 20. Be3 Qd5 21. Rfd1 Nf3+ 22. Qxf3 Qxf3 23. gxf3 Bxf3 24. Rd3 Be4 25. Rd2 Bxc2 26. Rxc2 Rc6 27. c4 Rfc8 28. b5 axb5 29. Ra7 R6c7 30. Bb6 Rxa7 31. Bxa7 bxc4 32. b4 d5 33. b5 Rc7 34. Bd4 Rb7 35. Rb2 f6 36. Kf1 e5 37. Bc3 d4 38. Ba5 Ba3 39. Rb1 c3 40. Rb3 Bb2 41. b6 c2 42. Bd2 c1Q+ 43. Bxc1 Bxc1 44. Rb4 Bd2 45. Rc4 Rxb6 46. h4 d3 47. Rc8+ Kg7 48. Rd8 e4 49. Rd4 f5 50. Kg2 Kf6 51. Kg3 h6 52. Kg2 Ke5 53. Rd8 Rd6 54. Ra8 g5 55. h5 Bc3 56. Rg8 d2 57. Rg6 d1Q 58. Kh2 Qxh5+ 59. Kg3 Rd3+ 60. Kg2 Qh3+ 61. Kg1 Rd1# 0-1

[Event "Kleve op"]
[Site "Kleve"]
[Date "2002.05.10"]
[Round "4"]
[White "Jazmati, Danny"]
[Black "Knaup, Jens"]
[Result "1/2-1/2"]
[WhiteElo "1404"]
[BlackElo "1198"]
[PlyCount "44"]
[EventDate "2002.05.09"]
[EventType "swiss"]
[EventRounds "7"]
[EventCountry "GER"]
[SourceTitle "EXT 2008"]
[Source "ChessBase"]
[SourceDate "2007.11.25"]
[SourceVersion "1"]
[SourceVersionDate "2007.11.25"]
[SourceQuality "1"]

1. e4 e5 2. Nf3 d6 3. Bc4 Nf6 4. d3 Nc6 5. Nc3 Bg4 6. Ne2 d5 7. exd5 Nxd5 8. Be3 g6 9. c3 Nb6 10. Bb5 Qf6 11. Ng3 Bg7 12. Ne4 Qf5 13. a4 Rd8 14. Ng3 Qe6 15. Ng5 Bxd1 16. Nxe6 Bb3 17. Nxc7+ Kd7 18. Bxc6+ Kxc7 19. Bxb6+ Kxb6 20. Bb5 a6 21. Bc4 Bxc4 22. dxc4 Kc6 1/2-1/2